Trouvez tous les voisins de la France - Statistiques

Statistiques générales
  • Ce quiz a été pris 34 fois
    22 depuis la dernière actualisation
  • Le résultat moyen est 19 sur 30
Réponses sur la Carte
Les réponses sont colorées sur une échelle allant du rouge au vert en fonction du pourcentage des utilisateurs qui les ont devinées à leur premier essai. Vous pouvez retrouver ces pourcentages ci-dessous.
 
Statistiques - réponses
Réponse % Correct
Métropole Allemagne
100%
Métropole Belgique
100%
Métropole Espagne
100%
Métropole Italie
100%
Métropole Suisse
100%
Métropole Luxembourg
95%
Guyane Brésil
90%
Métropole Andorre
86%
Métropole Monaco
81%
La Réunion / Mayotte Madagascar
67%
Saint-Pierre-et-Miquelon Canada
62%
Wallis-et-Futuna / Nouvelle-Calédonie Fidji
62%
Wallis-et-Futuna / Nouvelle-Calédonie Nouvelle-Zélande
62%
Wallis-et-Futuna / Polynésie française Samoa
62%
Guyane Suriname
62%
Polynésie française Tuvalu
62%
Nouvelle-Calédonie Vanuatu
57%
Guadeloupe Antigua-et-barbuda
52%
Mayotte Comores
52%
Martinique Sainte-Lucie
52%
Martinique Saint-Vincent-et-les-Grenadines
52%
Wallis-et-Futuna Tonga
52%
Guadeloupe Dominique
48%
La Réunion Maurice
48%
La Réunion Seychelles
43%
Nouvelle-Calédonie Îles Salomon
38%
Polynésie française Kiribati
38%
Saint-Martin Pays-bas
38%
Polynésie française Îles Cook
0%
Guadeloupe Montserrat
0%
Aucun quiz correspondant
Distribution des résultats
% des personnes avec chaque résultat
Percentile par nombre de réponses
Votre historique - résultats
Vous n’avez pas pris ce quiz depuis la dernière actualisation